000 00674nam a2200217Ii 4500
003 JO-AjNU
008 230605s9999||||xx |||||||||||||| ||und||
017 _a1998/4/658
040 _aJO-AjNU
_bara
_erda
_cJO-AjNU
041 _aara
050 1 4 _aPJ7846.A79.R5 1999
100 3 _aتأليف مراشدة، عبد الرحيم,
_eauthor
_949414
245 0 0 _aالرحلة الثانية: رواية
250 _aط1
264 3 1 _aإربد:مطبعة الروزنا،1999
300 _a153ص
336 _atext
_btxt
_2rdacontent
337 _aunmediated
_bn
_2rdamedia
338 _avolume
_bnc
_2rdacarrier
650 4 _aالأدب العربي - روايات
_949415
999 _aA21702
_c25270
_d25270